Europejskie ruchy secesjonistyczne na mapie - Statystyki

Ogólne statystyki
  • Ten quiz został rozwiązany 11 938 razy
    11 910 od ostatniego zresetowania
  • Średni wynik to 10 z 18
Odpowiedzi na mapie
Odpowiedzi zakodowano w zielono-czerwonej skali na mapie do tego quizu, zgodnie z poniższymi procentami.
 
Statystyki odpowiedzi
Obecnie część... Ruch secesyjny % Poprawnych
Wielkiej Brytanii Szkocja
96%
Hiszpanii Katalonia
91%
Włoch Sycylia
86%
Niemiec Bawaria
84%
Danii Wyspy {Owcze)
73%
Francji, Hiszpanii Kraj Basków
62%
Francji Korsyka
59%
Czech Morawy
55%
Francji Bretania
51%
Hiszpanii Galicja
50%
Belgii Flandria
46%
Mołdawii Naddniestrze
43%
Finlandii Wyspy {Alandzkie}
42%
Finlandii, Rosji Karelia
40%
Bośni i Hercegowiny Republika {Serbska}
39%
Włoch Padania
30%
Wielkiej Brytanii Kornwalia
26%
Serbii Wojwodina
23%
Nie znaleziono quizów pasujących do podanych kryteriów
Rozkład punktacji
Procent ludzi z każdym wynikiem
Percentyl według liczby udzielonych odpowiedzi
Twoja historia wyników
Nie rozwiązałeś tego quizu od ostatniego zresetowania